| 000 | 01310cam a22002174a 4500 | ||
|---|---|---|---|
| 005 | 20250605164024.0 | ||
| 008 | 250528s ||||||||||||||||||||||||d | ||
| 035 | _a16458 | ||
| 020 | _a47134530 | ||
| 040 |
_aGR-AtMCL _bgre _dGR-AtMCL _eAACR2 |
||
| 245 | 1 | _aPhysics / Part 1 and 2: Combined Third Edition | |
| 250 | _a3rd | ||
| 260 |
_bJohn Wiley & Sons, _c1978 |
||
| 300 | _a1194 | ||
| 520 | _aMeasurement, Vectors, Motion in One Dimension, Motion in a Plane, Particle Dynamics, Work and Energy, The Conservation of Energy, Conservation of Linear Momentum, Collisions, Rotational Kinematics, Rotational Dynamics I, Rotational Dynamics II and the Conservation of Angular Momentum, Oscillations, Gravitation, Fluid Statics, Fluid Dynamics, Waves in Elastic Media, Sound Waves, Temperature, Heat and the First Law of Thermodynamics, Kinetic Theory of Gases, Entropy and the Second Law of Thermodynamics, Charge and Matter, The Electric Field, Gauss's Law, Electric Potential, Capacitors and Dielectrics, Current and Resistance, The Magnetic Field, Ampere's Law, Inductance, Electromagnetic Waves, Interference, Diffraction, Polarization, Waves and Particles, Appendices, Index. | ||
| 700 | 1 |
_aHalliday David _92556 |
|
| 700 | 1 |
_aResnick Robert J _92557 |
|
| 942 | _cBK | ||
| 999 |
_c1957 _d1957 |
||